00256nam a2200097Ia 4500008004100000082001200041100002500053245004300078260002800121300000900149210430s9999 xx 000 0 und d a070J26S aDr. Shafiq Jalandhri aSahafat aur Ablagh /cShafiq Jalandhri aLahorebDr.SHAFIQc2008 a367P